000 00859nam a2200265 a 4500
001 000030454
003 DO-SdBNP
005 20230427102534.0
007 000030454
008 110517s2011 dr a 000 0 spa d
020 _a9789945460872
040 _aBPMSU
_bspa
_cBPMSU
082 4 _aRD863.44
_bC712ga 2011
_222
100 1 _aCollins de Colado, Mary
245 1 3 _aLa gatita mima /
_cMary Collins de Colado, ilustraciones Ramiro Manzano.
260 _aSanto Domingo :
_bSantuario,
_c2011.
_b
300 _a74 p. :
_bil. ;
_c23 cm.
500 _aIncluye datos biográficos de la autora en la solapa de la cubierta
590 _aInventariado, 2023/VM
650 4 _aCuentos infantiles dominicanos
650 4 _aLiteratura infantil dominicana
700 1 _aManzano, Ramiro,
_eil.
910 _aVMateo V. Control de calidad (BPMSU)
942 _2ddc
_cBK
_h
999 _c7534
_d7534